Les 15 plus Grandes Îles de France - Statistiques

Statistiques générales
  • Ce quiz a été pris 190 fois
  • Le résultat moyen est 9 sur 15
Statistiques - réponses
Continent Île % Correct
Europe Corse
95%
Amérique Martinique
92%
Europe
92%
Amérique Guadeloupe
89%
Afrique Réunion
85%
Océanie Grande Terre
75%
Afrique Mahoré
75%
Europe Oléron
65%
Océanie Tahiti
58%
Océanie Wallis
45%
Antarctique Grande Terre
37%
Europe Noirmoutier
31%
Europe Belle-Ile en mer
30%
Amérique Miquelon
27%
Océanie Moorea
9%
Aucun quiz correspondant
Distribution des résultats
% des personnes avec chaque résultat
Percentile par nombre de réponses
Votre historique - résultats
Vous n’avez pas pris ce quiz